000 00525nam a2200169Ia 4500
008 220216s9999 xx 000 0 und d
100 _aTillekeratne L M K
245 0 _aExploitation and stimulation recommendations in Sri Lanka
260 _bIRRDB symposium on physiological and molecular aspects of the breeding of Hevea brasiliensis 6-7 November 1995
_c1995
300 _a175-176
650 _aExploitation
650 _aHevea
650 _aSri Lanka
650 _aStimulation
700 _aNugawela A
942 _cJS
999 _c59132
_d59132